| 000 | 00608cam1a220019300 4500 | ||
|---|---|---|---|
| 001 | tmp15777282 | ||
| 003 | UPRA | ||
| 005 | 20190830121145.0 | ||
| 008 | 951026s1925 rh f eng u | ||
| 035 | _a(Sirsi) r72615 | ||
| 035 | _a(UPRA)tmp15777282 | ||
| 040 | _cUPRA | ||
| 110 | 1 |
_bDept. of Agriculture and Lands. _6A33677.1 |
|
| 245 | 1 | 0 | _aHandbook for the use of prospective settlers on the land. |
| 260 |
_a[Salisbury], _c1925. |
||
| 651 | 0 |
_aZimbabwe -- Handbooks, manuals, etc. _xZimbabwe -- Handbooks, manuals, etc. _6S25500.1 |
|
| 949 |
_a(O2) 1925/1 _wlcc _mMAIN _tBOOK _lON-SHELF |
||
| 004 | 72615 | ||
| 999 |
_c196936 _d196936 |
||